Statistics for Who's That Historical Figure

Click here to take the quiz!

General Stats

  • This quiz has been taken 65 times
  • The average score is 8 of 20

Answer Stats

Hint Name % Correct
Set Rome on fireNero
88%
Queen of England (she was kind of psychopath)Mary I
77%
He was an Impaler (ouch)Vlad III
75%
Carthaginian military commander, tried to invade RomeHannibal
68%
First roman emperor (no, it's not Julius Caesar)Augustus
68%
One of the greatest Persian kings (won the Battle of Thermopylae)Xerxes I
49%
One of the most important Argentinian Presidents (Evita's husband)Juan Domingo Perón
49%
Third president of Uganda (famous by beeing a cannibal)Idi Amin
47%
Vietnamese dictatorHo Chi Minh
47%
French Revolution leader (he loved to guillotine his enemies... and friends!)Maximilien de Robespierre
44%
King of Sparta (lost the Battle of Thermopylae)Leonidas
40%
Famous aztec emperorMoctezuma II
39%
Founded Babylonian Empire (also known by a famous code)Hammurabi
35%
Mexican revolutionary generalPancho Villa
28%
Big Stick (RIP, Robin Williams)Theodore Roosevelt
19%
Fourth soviet leader (hard spelling)Nikita Khrushchev
19%
Discovered BrazilPedro Álvares Cabral
14%
Famous incan emperorAtahualpa
9%
Third soviet leaderGeorgy Malenkov
2%
Father of Athenian democracyCleisthenes
0%

Score Distribution

Percentile by Number Answered

Percent of People with Each Score

Your Score History

You have not taken this quiz